MARC

LEADER 00000nas1a2200000 4500
001 380928
005 20231101062744.0
035 |a (RuTPU)RU\TPU\prd\2894 
090 |a 380928 
100 |a 20020409a20029999km y0rusy50 ca 
101 0 |a rus 
102 |a RU 
110 |a afaz|||0uu0 
200 1 |a Инструмент. Технология. Оборудование: ИТО  |e информационно-аналитический журнал  |f ООО "Инструменты. Технология. Оборудование" 
210 |a Москва  |c Инструменты. Технология. Оборудование  |d 2002- 
326 |a ежемесячно 
469 |0 (RuTPU)RU\TPU\subscr\978 
610 1 |a инструменты 
610 1 |a инструментальное производство 
610 1 |a машиностроение 
610 1 |a машиностроительные конструкции 
610 1 |a технологии 
610 1 |a технологическое оборудование 
610 1 |a оборудование 
675 |a 621.02 
712 0 2 |a ООО "Инструменты. Технология. Оборудование"  |4 570 
801 1 |a RU  |b 63413507  |c 20020409  |g PSBO 
801 2 |a RU  |b 63413507  |c 20180118  |g PSBO 
856 4 |u http://www.ito-news.ru/index_ru.html 
942 |c CR 
969 |0 001RU\TPU\subscr\978